| 000 | 00000nam##2200000za#4500 |
| 001 | 9.699859 |
| 003 | CaOODSP |
| 005 | 20210625000555 |
| 007 | cr ||||||||||| |
| 008 | 150407|1992||||xxc|||||o f|0| 0 eng|d |
| 040 | |aCaOODSP|beng |
| 043 | |an-cn--- |
| 086 | 1 |aCP32-55/4-1992E-PDF |
| 110 | 1 |aCanada. |bPrivy Council Office. |
| 245 | 10|aCommission of Inquiry Into the Air Ontario Crash at Dryden, Ontario - final report. Technical appendices / |h[electronic resource]|cVirgil P. Moshansky, commissioner. |
| 260 | |aOttawa - Ontario : |bPrivy Council Office |cc1992. |
| 300 | |a131, 143, 73p.|bfigs., graphs, references, tables, photographs |
| 500 | |aHistorical publication digitized in 2010 by Privy Council Office of Canada. |
| 520 | 3 |a"This volume of Technical Appendices contains the reports used by this Commission of Inquiry in analysing the performance of Fokker Aircraft F-28 Mk1000, C-FONF, during its last takeoff from Dryden Municipal Airport, on March 10, 1989. It also contains an analysis relating to the human factors aspects surrounding the accident."--Preface, p.9 of 347. |
| 590 | |a15-04-Supp|b2015-03-19 |
| 690 | 07|aAircraft accidents|2gcpds |
| 690 | 07|aCommissions of inquiry|2gcpds |
| 775 | 08|tCommission d'enquête sur l'écrasement d'un avion d'Air Ontario à Dryden (Ontario) - rapport final. Annexes techniques |w(CaOODSP)9.643814 |
| 856 | 40|ahttp://publications.gc.ca|qPDF|s2.68 MB|uhttps://publications.gc.ca/collections/collection_2014/bcp-pco/CP32-55-4-1992-3-eng.pdf |
| 856 | 40|ahttp://publications.gc.ca|qPDF|s5.22 MB|uhttps://publications.gc.ca/collections/collection_2014/bcp-pco/CP32-55-4-1992-2-eng.pdf |
| 856 | 40|ahttp://publications.gc.ca|qPDF|s6.59 MB|uhttps://publications.gc.ca/collections/collection_2014/bcp-pco/CP32-55-4-1992-1-eng.pdf |